[Event "ODJM C 2023"]
[Site "Willingen GER"]
[Date "2023.06.03"]
[Round "9"]
[White "Steinkamp, Matthis"]
[Black "Haunhorst, Elisa"]
[Result "0-1"]
[Termination "normal"]
[Board "28"]
[WhiteElo "1153"]
[BlackElo "1119"]
[WhiteClock "01:22:15"]
[BlackClock "00:45:15"]
[PlyCount "58"]
[WhiteFideId "16287622"]
[BlackFideId "34640959"]
[EventCountry "GER"]
[EventRounds "9"]
[EventType "swiss"]
[EventDate "2023.05.27"]

1. d4 {[%clk 01:30:57]} {[%emt 00:00:02]} d5 {[%clk 01:30:55]} {[%emt
00:00:06]} 2. Nc3 {[%clk 01:31:19]} {[%emt 00:00:08]} e6 {[%clk 01:31:20]}
{[%emt 00:00:05]} 3. Bf4 {[%clk 01:31:38]} {[%emt 00:00:10]} Bd6 {[%clk
01:31:44]} {[%emt 00:00:07]} 4. Bg3 {[%clk 01:31:56]} {[%emt 00:00:12]} Nf6
{[%clk 01:32:06]} {[%emt 00:00:08]} 5. e3 {[%clk 01:31:40]} {[%emt 00:00:45]}
a6 {[%clk 01:32:25]} {[%emt 00:00:12]} 6. Bd3 {[%clk 01:31:10]} {[%emt
00:01:00]} c5 {[%clk 01:32:32]} {[%emt 00:00:24]} 7. dxc5 {[%clk 01:31:23]}
{[%emt 00:00:17]} Bxc5 {[%clk 01:32:42]} {[%emt 00:00:20]} 8. Nf3 {[%clk
01:30:42]} {[%emt 00:01:10]} O-O {[%clk 01:32:08]} {[%emt 00:01:05]} 9. O-O
{[%clk 01:28:52]} {[%emt 00:02:18]} Nc6 {[%clk 01:29:14]} {[%emt 00:03:26]} 10.
Qd2 {[%clk 01:26:47]} {[%emt 00:02:34]} b5 {[%clk 01:22:28]} {[%emt 00:07:16]}
11. a3 {[%clk 01:26:48]} {[%emt 00:00:29]} Bb7 {[%clk 01:22:33]} {[%emt
00:00:26]} 12. b4 {[%clk 01:27:01]} {[%emt 00:00:17]} Bb6 {[%clk 01:22:02]}
{[%emt 00:01:01]} 13. Ne2 {[%clk 01:27:02]} {[%emt 00:00:29]} Re8 {[%clk
01:20:14]} {[%emt 00:02:18]} 14. c3 {[%clk 01:26:51]} {[%emt 00:00:40]} e5
{[%clk 01:18:11]} {[%emt 00:02:34]} 15. Bc2 {[%clk 01:25:58]} {[%emt 00:01:23]}
Qe7 {[%clk 01:08:39]} {[%emt 00:10:03]} 16. Rad1 {[%clk 01:25:55]} {[%emt
00:00:32]} Rad8 {[%clk 01:07:55]} {[%emt 00:01:15]} 17. Bh4 {[%clk 01:26:02]}
{[%emt 00:00:22]} Bc7 {[%clk 01:04:11]} {[%emt 00:04:15]} 18. Qc1 {[%clk
01:26:02]} {[%emt 00:00:29]} e4 {[%clk 01:02:35]} {[%emt 00:02:07]} 19. Nfd4
{[%clk 01:26:21]} {[%emt 00:00:10]} Nxd4 {[%clk 01:00:44]} {[%emt 00:02:21]}
20. Nxd4 {[%clk 01:25:55]} {[%emt 00:00:55]} Qd6 {[%clk 00:58:48]} {[%emt
00:02:27]} 21. Bg3 {[%clk 01:25:58]} {[%emt 00:00:27]} Qd7 {[%clk 00:57:38]}
{[%emt 00:01:40]} 22. Bxc7 {[%clk 01:25:55]} {[%emt 00:00:32]} Qxc7 {[%clk
00:57:53]} {[%emt 00:00:16]} 23. Ne2 {[%clk 01:25:49]} {[%emt 00:00:35]} Ng4
{[%clk 00:56:34]} {[%emt 00:01:50]} 24. g3 {[%clk 01:25:45]} {[%emt 00:00:33]}
Bc8 {[%clk 00:55:26]} {[%emt 00:01:39]} 25. a4 {[%clk 01:24:35]} {[%emt
00:01:39]} Ne5 {[%clk 00:53:43]} {[%emt 00:02:13]} 26. Nf4 {[%clk 01:23:22]}
{[%emt 00:01:43]} Qc6 {[%clk 00:47:03]} {[%emt 00:07:10]} 27. a5 {[%clk
01:23:07]} {[%emt 00:00:45]} Qh6 {[%clk 00:45:39]} {[%emt 00:01:54]} 28. Nxd5
{[%clk 01:22:44]} {[%emt 00:00:51]} Nf3+ {[%clk 00:45:46]} {[%emt 00:00:25]}
29. Kg2 {[%clk 01:22:15]} {[%emt 00:01:00]} Qxh2# {[%clk 00:45:15]} {[%emt
00:00:13]} 0-1

[Event "ODJM C 2023"]
[Site "Willingen GER"]
[Date "2023.06.03"]
[Round "9"]
[White "Löffelholz, Simon"]
[Black "Anh, David"]
[Result "0-1"]
[Termination "normal"]
[Board "29"]
[WhiteElo "1264"]
[BlackElo "1041"]
[WhiteClock "00:49:15"]
[BlackClock "01:07:56"]
[PlyCount "90"]
[WhiteFideId "34623620"]
[BlackFideId "34639500"]
[EventCountry "GER"]
[EventRounds "9"]
[EventType "swiss"]
[EventDate "2023.05.27"]

1. d4 {[%clk 01:30:58]} d5 {[%clk 01:30:56]} {[%emt 00:00:04]} 2. Bf4 {[%clk
01:31:20]} {[%emt 00:00:08]} Bf5 {[%clk 01:31:19]} {[%emt 00:00:07]} 3. e3
{[%clk 01:31:36]} {[%emt 00:00:15]} e6 {[%clk 01:31:32]} {[%emt 00:00:17]} 4.
Nf3 {[%clk 01:31:48]} {[%emt 00:00:18]} Nf6 {[%clk 01:31:24]} {[%emt 00:00:39]}
5. Nbd2 {[%clk 01:31:06]} {[%emt 00:01:11]} Nbd7 {[%clk 01:30:34]} {[%emt
00:01:19]} 6. c4 {[%clk 01:30:11]} {[%emt 00:01:25]} Bd6 {[%clk 01:30:14]}
{[%emt 00:00:51]} 7. Bxd6 {[%clk 01:28:49]} {[%emt 00:01:52]} cxd6 {[%clk
01:30:36]} {[%emt 00:00:08]} 8. Be2 {[%clk 01:28:39]} {[%emt 00:00:39]} dxc4
{[%clk 01:27:06]} {[%emt 00:04:00]} 9. Nxc4 {[%clk 01:24:13]} {[%emt 00:04:55]}
Qe7 {[%clk 01:25:36]} {[%emt 00:02:01]} 10. O-O {[%clk 01:23:30]} {[%emt
00:01:13]} O-O {[%clk 01:25:01]} {[%emt 00:01:05]} 11. Qb3 {[%clk 01:22:11]}
{[%emt 00:01:46]} d5 {[%clk 01:23:50]} {[%emt 00:01:44]} 12. Nce5 {[%clk
01:19:32]} {[%emt 00:03:09]} Nxe5 {[%clk 01:22:53]} {[%emt 00:01:27]} 13. Nxe5
{[%clk 01:19:05]} {[%emt 00:00:57]} Ne4 {[%clk 01:22:47]} {[%emt 00:00:37]} 14.
Rfd1 {[%clk 01:16:24]} {[%emt 00:03:10]} f6 {[%clk 01:20:54]} {[%emt 00:02:24]}
15. Nd3 {[%clk 01:15:13]} {[%emt 00:01:39]} Rac8 {[%clk 01:18:22]} {[%emt
00:03:04]} 16. f3 {[%clk 01:14:55]} {[%emt 00:00:47]} Nd6 {[%clk 01:18:36]}
{[%emt 00:00:17]} 17. Nf4 {[%clk 01:11:35]} {[%emt 00:03:49]} Bc2 {[%clk
01:17:13]} {[%emt 00:01:55]} 18. Nxd5 {[%clk 01:08:36]} {[%emt 00:03:28]} exd5
{[%clk 01:15:44]} {[%emt 00:01:59]} 19. Qxd5+ {[%clk 01:08:42]} {[%emt
00:00:24]} Kh8 {[%clk 01:14:26]} {[%emt 00:01:48]} 20. Re1 {[%clk 01:06:27]}
{[%emt 00:02:44]} Qxe3+ {[%clk 01:12:29]} {[%emt 00:02:27]} 21. Kh1 {[%clk
01:05:05]} {[%emt 00:01:51]} Nf5 {[%clk 01:10:04]} {[%emt 00:02:56]} 22. Bb5
{[%clk 00:56:51]} {[%emt 00:08:43]} Qxd4 {[%clk 01:06:26]} {[%emt 00:04:09]}
23. Qd7 {[%clk 00:49:52]} {[%emt 00:07:29]} Qxd7 {[%clk 01:06:04]} {[%emt
00:00:52]} 24. Bxd7 {[%clk 00:50:10]} {[%emt 00:00:12]} Rcd8 {[%clk 01:06:06]}
{[%emt 00:00:28]} 25. Bxf5 {[%clk 00:49:42]} {[%emt 00:00:58]} Bxf5 {[%clk
01:06:29]} {[%emt 00:00:08]} 26. Re7 {[%clk 00:49:39]} {[%emt 00:00:33]} Rb8
{[%clk 01:06:37]} {[%emt 00:00:23]} 27. h3 {[%clk 00:49:17]} {[%emt 00:00:50]}
Rfe8 {[%clk 01:06:03]} {[%emt 00:01:06]} 28. Rae1 {[%clk 00:49:26]} {[%emt
00:00:20]} Rxe7 {[%clk 01:05:56]} {[%emt 00:00:38]} 29. Rxe7 {[%clk 00:49:49]}
{[%emt 00:00:07]} h6 {[%clk 01:06:02]} {[%emt 00:00:23]} 30. a3 {[%clk
00:50:04]} {[%emt 00:00:16]} Kh7 {[%clk 01:06:21]} {[%emt 00:00:11]} 31. Kh2
{[%clk 00:50:20]} {[%emt 00:00:14]} a5 {[%clk 01:06:28]} {[%emt 00:00:23]} 32.
g4 {[%clk 00:49:54]} {[%emt 00:00:55]} Bc2 {[%clk 01:05:48]} {[%emt 00:01:11]}
33. Kg3 {[%clk 00:49:41]} {[%emt 00:00:42]} b5 {[%clk 01:06:09]} {[%emt
00:00:10]} 34. b4 {[%clk 00:49:52]} {[%emt 00:00:19]} axb4 {[%clk 01:06:12]}
{[%emt 00:00:27]} 35. axb4 {[%clk 00:50:13]} {[%emt 00:00:09]} Rc8 {[%clk
01:06:21]} {[%emt 00:00:22]} 36. f4 {[%clk 00:50:04]} {[%emt 00:00:39]} Rc4
{[%clk 01:06:41]} {[%emt 00:00:10]} 37. h4 {[%clk 00:49:43]} {[%emt 00:00:51]}
Rxb4 {[%clk 01:07:00]} {[%emt 00:00:11]} 38. g5 {[%clk 00:50:03]} {[%emt
00:00:10]} hxg5 {[%clk 01:06:58]} {[%emt 00:00:32]} 39. hxg5 {[%clk 00:49:42]}
{[%emt 00:00:51]} fxg5 {[%clk 01:07:15]} {[%emt 00:00:13]} 40. fxg5 {[%clk
00:50:03]} {[%emt 00:00:09]} Rb1 {[%clk 01:06:42]} {[%emt 00:01:03]} 41. Kh4
{[%clk 00:49:03]} {[%emt 00:01:30]} b4 {[%clk 01:06:57]} {[%emt 00:00:15]} 42.
Kh5 {[%clk 00:49:19]} {[%emt 00:00:13]} b3 {[%clk 01:07:11]} {[%emt 00:00:16]}
43. Rc7 {[%clk 00:49:10]} {[%emt 00:00:39]} Bg6+ {[%clk 01:07:09]} {[%emt
00:00:32]} 44. Kg4 {[%clk 00:48:53]} {[%emt 00:00:46]} b2 {[%clk 01:07:34]}
{[%emt 00:00:06]} 45. Rb7 {[%clk 00:49:15]} {[%emt 00:00:08]} Rg1+ {[%clk
01:07:56]} {[%emt 00:00:07]} 0-1

[Event "ODJM C 2023"]
[Site "Willingen GER"]
[Date "2023.06.03"]
[Round "9"]
[White "Kulgemeyer, Justus"]
[Black "Lola, Ioanna-Maria"]
[Result "1-0"]
[Termination "normal"]
[Board "30"]
[WhiteElo "1106"]
[BlackElo "1024"]
[WhiteClock "01:25:30"]
[BlackClock "00:27:47"]
[PlyCount "111"]
[WhiteFideId "34623671"]
[BlackFideId "34620397"]
[EventCountry "GER"]
[EventRounds "9"]
[EventType "swiss"]
[EventDate "2023.05.27"]

1. d4 {[%clk 01:30:57]} {[%emt 00:00:03]} d5 {[%clk 01:30:54]} {[%emt
00:00:07]} 2. Nc3 {[%clk 01:31:23]} {[%emt 00:00:04]} Nf6 {[%clk 01:31:13]}
{[%emt 00:00:11]} 3. Bf4 {[%clk 01:31:48]} {[%emt 00:00:05]} Bf5 {[%clk
01:31:16]} {[%emt 00:00:26]} 4. f3 {[%clk 01:32:10]} {[%emt 00:00:08]} e6
{[%clk 01:29:19]} {[%emt 00:02:28]} 5. g4 {[%clk 01:32:34]} {[%emt 00:00:06]}
Bg6 {[%clk 01:27:58]} {[%emt 00:01:50]} 6. h4 {[%clk 01:32:59]} {[%emt
00:00:05]} h5 {[%clk 01:24:38]} {[%emt 00:03:50]} 7. g5 {[%clk 01:33:21]}
{[%emt 00:00:09]} Nh7 {[%clk 01:23:14]} {[%emt 00:01:53]} 8. e3 {[%clk
01:33:34]} {[%emt 00:00:17]} Bd6 {[%clk 01:18:33]} {[%emt 00:05:11]} 9. Bd3
{[%clk 01:33:45]} {[%emt 00:00:19]} Bxd3 {[%clk 01:15:38]} {[%emt 00:03:25]}
10. Qxd3 {[%clk 01:34:07]} {[%emt 00:00:09]} Nc6 {[%clk 01:12:45]} {[%emt
00:03:22]} 11. Nge2 {[%clk 01:34:26]} {[%emt 00:00:11]} Qe7 {[%clk 01:10:45]}
{[%emt 00:02:30]} 12. Bxd6 {[%clk 01:34:29]} {[%emt 00:00:27]} Qxd6 {[%clk
01:09:55]} {[%emt 00:01:20]} 13. O-O-O {[%clk 01:34:43]} {[%emt 00:00:16]}
O-O-O {[%clk 01:08:32]} {[%emt 00:01:52]} 14. e4 {[%clk 01:34:02]} {[%emt
00:01:11]} dxe4 {[%clk 01:04:59]} {[%emt 00:04:03]} 15. fxe4 {[%clk 01:34:24]}
{[%emt 00:00:08]} g6 {[%clk 01:01:52]} {[%emt 00:03:37]} 16. Kb1 {[%clk
01:33:40]} {[%emt 00:01:15]} f6 {[%clk 00:59:30]} {[%emt 00:02:51]} 17. gxf6
{[%clk 01:33:35]} {[%emt 00:00:36]} Nf8 {[%clk 00:53:58]} {[%emt 00:06:01]} 18.
e5 {[%clk 01:32:49]} {[%emt 00:01:16]} Qb4 {[%clk 00:51:23]} {[%emt 00:03:06]}
19. Qb5 {[%clk 01:31:40]} {[%emt 00:01:39]} Qxb5 {[%clk 00:49:03]} {[%emt
00:02:49]} 20. Nxb5 {[%clk 01:31:56]} {[%emt 00:00:14]} Rd5 {[%clk 00:48:37]}
{[%emt 00:00:56]} 21. Nbc3 {[%clk 01:31:24]} {[%emt 00:01:02]} Rd7 {[%clk
00:47:54]} {[%emt 00:01:13]} 22. Ne4 {[%clk 01:31:05]} {[%emt 00:00:49]} Nh7
{[%clk 00:46:47]} {[%emt 00:01:37]} 23. c3 {[%clk 01:31:08]} {[%emt 00:00:28]}
b6 {[%clk 00:44:52]} {[%emt 00:02:25]} 24. Nf4 {[%clk 01:30:32]} {[%emt
00:01:05]} Nf8 {[%clk 00:44:11]} {[%emt 00:01:11]} 25. Ng5 {[%clk 01:30:25]}
{[%emt 00:00:37]} Nd8 {[%clk 00:43:40]} 26. c4 {[%clk 01:30:08]} {[%emt
00:01:48]} c5 {[%clk 00:37:13]} 27. d5 {[%clk 01:29:54]} {[%emt 00:07:41]} exd5
{[%clk 00:36:58]} 28. cxd5 {[%clk 01:30:05]} {[%emt 00:01:03]} Nf7 {[%clk
00:35:51]} 29. e6 {[%clk 01:29:34]} {[%emt 00:02:39]} Nxe6 {[%clk 00:33:27]}
{[%emt 00:02:53]} 30. Nxf7 {[%clk 01:27:48]} {[%emt 00:02:16]} Rxf7 {[%clk
00:31:59]} {[%emt 00:01:57]} 31. dxe6 {[%clk 01:27:42]} {[%emt 00:00:37]} Rxf6
{[%clk 00:31:09]} {[%emt 00:01:19]} 32. Nd5 {[%clk 01:27:13]} {[%emt 00:01:00]}
Rxe6 {[%clk 00:31:04]} {[%emt 00:00:35]} 33. Rhe1 {[%clk 01:27:01]} {[%emt
00:00:42]} Rxe1 {[%clk 00:29:14]} {[%emt 00:02:20]} 34. Rxe1 {[%clk 01:27:21]}
{[%emt 00:00:10]} Kd7 {[%clk 00:29:01]} {[%emt 00:00:42]} 35. Nf6+ {[%clk
01:26:36]} {[%emt 00:01:15]} Kd8 {[%clk 00:28:35]} {[%emt 00:00:56]} 36. Rd1+
{[%clk 01:25:33]} {[%emt 00:01:34]} Ke7 {[%clk 00:28:11]} {[%emt 00:00:53]} 37.
Nd5+ {[%clk 01:25:40]} {[%emt 00:00:23]} Ke6 {[%clk 00:27:53]} {[%emt
00:00:47]} 38. Nc7+ {[%clk 01:25:01]} {[%emt 00:01:10]} Kf5 {[%clk 00:27:41]}
{[%emt 00:00:42]} 39. Rd5+ {[%clk 01:24:24]} {[%emt 00:01:08]} Kg4 {[%clk
00:27:15]} {[%emt 00:00:55]} 40. Rg5+ {[%clk 01:24:38]} {[%emt 00:00:16]} Kxh4
{[%clk 00:26:25]} {[%emt 00:03:44]} 41. Rxg6 {[%clk 01:23:37]} {[%emt
00:00:08]} Kh3 {[%clk 00:26:29]} {[%emt 00:00:25]} 42. Ne6 {[%clk 01:21:48]}
{[%emt 00:02:20]} Kh2 {[%clk 00:25:49]} {[%emt 00:01:10]} 43. Ng5 {[%clk
01:22:07]} {[%emt 00:00:11]} h4 {[%clk 00:25:58]} {[%emt 00:00:21]} 44. Nf3+
{[%clk 01:21:55]} {[%emt 00:00:42]} Kh3 {[%clk 00:26:10]} {[%emt 00:00:17]} 45.
Ng5+ {[%clk 01:21:57]} {[%emt 00:00:28]} Kg4 {[%clk 00:25:40]} {[%emt
00:01:00]} 46. Nf7+ {[%clk 01:21:40]} {[%emt 00:00:48]} Kh5 {[%clk 00:25:31]}
{[%emt 00:00:38]} 47. Nxh8 {[%clk 01:21:59]} {[%emt 00:00:12]} h3 {[%clk
00:25:43]} {[%emt 00:00:17]} 48. Rg1 {[%clk 01:22:21]} {[%emt 00:00:08]} Kh4
{[%clk 00:26:02]} {[%emt 00:00:12]} 49. Ng6+ {[%clk 01:22:39]} {[%emt
00:00:13]} Kh5 {[%clk 00:26:19]} {[%emt 00:00:13]} 50. Nf4+ {[%clk 01:22:59]}
{[%emt 00:00:10]} Kh4 {[%clk 00:26:37]} {[%emt 00:00:11]} 51. Nxh3 {[%clk
01:23:25]} {[%emt 00:00:05]} Kxh3 {[%clk 00:26:57]} {[%emt 00:00:09]} 52. Rg7
{[%clk 01:23:49]} {[%emt 00:00:06]} Kh2 {[%clk 00:27:12]} {[%emt 00:00:15]} 53.
Rxa7 {[%clk 01:24:14]} {[%emt 00:00:05]} Kg2 {[%clk 00:27:16]} {[%emt
00:00:26]} 54. Rf7 {[%clk 01:24:40]} {[%emt 00:00:05]} Kg3 {[%clk 00:27:35]}
{[%emt 00:00:10]} 55. Kc2 {[%clk 01:25:05]} {[%emt 00:00:05]} Kg2 {[%clk
00:27:47]} {[%emt 00:00:18]} 56. Kd3 {[%clk 01:25:30]} {[%emt 00:00:05]} 1-0

[Event "ODJM C 2023"]
[Site "Willingen GER"]
[Date "2023.06.03"]
[Round "9"]
[White "Hellmann, Alexander"]
[Black "Knudsen, Finn Luca"]
[Result "1/2-1/2"]
[Termination "normal"]
[Board "31"]
[WhiteElo "1156"]
[BlackElo "967"]
[PlyCount "47"]
[WhiteFideId "34612050"]
[BlackFideId "34630023"]
[EventCountry "GER"]
[EventRounds "9"]
[EventType "swiss"]
[EventDate "2023.05.27"]

1. d4 d6 2. e4 g6 3. Nf3 Bg7 4. Bc4 e6 5. O-O Nc6 6. Be3 Nge7 7. Nc3 d5 8. exd5
exd5 9. Bb5 O-O 10. Qd2 a6 11. Be2 Re8 12. Rfe1 Bg4 13. h3 Bxf3 14. Bxf3 Nf5
15. Nxd5 Nfxd4 16. Bxd4 Rxe1+ 17. Rxe1 Nxd4 18. Qd3 c6 19. Nc3 Nxf3+ 20. Qxf3
Qd2 21. Qe3 Bxc3 22. bxc3 Qd7 23. Qd4 Qf5 24. Qd3 1/2-1/2

[Event "ODJM C 2023"]
[Site "Willingen GER"]
[Date "2023.06.03"]
[Round "9"]
[White "Tarasenko, Ruslan"]
[Black "Reetz, Shaila"]
[Result "0-1"]
[Termination "normal"]
[Board "32"]
[WhiteElo "1087"]
[BlackElo "1003"]
[PlyCount "58"]
[WhiteFideId "34166343"]
[BlackFideId "34630317"]
[EventCountry "GER"]
[EventRounds "9"]
[EventType "swiss"]
[EventDate "2023.05.27"]

1. e4 e5 2. Nf3 d6 3. d4 Nd7 4. d5 g6 5. c4 Bg7 6. Nc3 a6 7. Be3 Ngf6 8. Be2 c5
9. Qd2 O-O 10. Bh6 Nb6 11. O-O Nh5 12. Bxg7 Kxg7 13. a3 a5 14. Ng5 Nf4 15. Nf3
a4 16. Ne1 Qg5 17. Kh1 Nd7 18. g3 Nh3 19. Qxg5 Nxg5 20. f4 Nh3 21. Bg4 Nb6 22.
Bxc8 Raxc8 23. Kg2 Nxc4 24. Kxh3 f5 25. fxe5 dxe5 26. Nd3 g5 27. exf5 Rf6 28.
Nxa4 Ne3 29. Rf3 Rh6# 0-1

[Event "ODJM C 2023"]
[Site "Willingen GER"]
[Date "2023.06.03"]
[Round "9"]
[White "Andrade, Levin"]
[Black "Prokscha, Marlene"]
[Result "0-1"]
[Termination "normal"]
[Board "34"]
[WhiteElo "840"]
[BlackElo "1054"]
[PlyCount "36"]
[WhiteFideId "34660399"]
[BlackFideId "34631291"]
[EventCountry "GER"]
[EventRounds "9"]
[EventType "swiss"]
[EventDate "2023.05.27"]

1. e4 e6 2. d4 d5 3. Bd3 Nf6 4. e5 Nfd7 5. f4 c5 6. c3 Nc6 7. Nf3 Be7 8. dxc5
Nxc5 9. Bc2 O-O 10. O-O Ne4 11. Nfd2 Qb6+ 12. Kh1 Nf2+ 13. Rxf2 Qxf2 14. Qf3
Qxf3 15. Nxf3 f6 16. Nd4 fxe5 17. Nxc6 bxc6 18. fxe5 Rf1# 0-1

[Event "ODJM C 2023"]
[Site "Willingen GER"]
[Date "2023.06.03"]
[Round "9"]
[White "Peglau, Lorena"]
[Black "Rafikov, Artur"]
[Result "1/2-1/2"]
[Termination "normal"]
[Board "35"]
[WhiteElo "1235"]
[BlackElo "1025"]
[PlyCount "90"]
[WhiteFideId "16290542"]
[BlackFideId "34642676"]
[EventCountry "GER"]
[EventRounds "9"]
[EventType "swiss"]
[EventDate "2023.05.27"]

1. c4 c6 2. d4 d5 3. cxd5 cxd5 4. Nc3 Nf6 5. Nf3 Nc6 6. Bf4 Bg4 7. e3 a6 8. Be2
e6 9. O-O Bd6 10. Bg5 O-O 11. Rc1 h6 12. Bh4 Be7 13. Re1 Nd7 14. Bxe7 Nxe7 15.
h3 Bh5 16. b4 a5 17. b5 b6 18. a4 Ng6 19. Rc2 Nh4 20. Na2 Bg6 21. Rc3 Qe7 22.
Qc1 Nxf3+ 23. Bxf3 Qg5 24. Rc7 Nf6 25. Rb7 Bf5 26. Kf1 Rfc8 27. Nc3 Bd3+ 28.
Be2 Bxe2+ 29. Rxe2 Ne4 30. Rc2 Rcb8 31. Nxe4 dxe4 32. Rxb8+ Rxb8 33. Rc8+ Rxc8
34. Qxc8+ Kh7 35. Qc7 Qd5 36. Qc6 Qb3 37. Kg1 Qxa4 38. Qxb6 Qb3 39. Qxa5 f5 40.
b6 f4 41. exf4 e3 42. Qa6 Qd1+ 43. Kh2 e2 44. b7 e1=Q 45. b8=Q Qxf2 1/2-1/2

[Event "ODJM C 2023"]
[Site "Willingen GER"]
[Date "2023.06.03"]
[Round "9"]
[White "Schwarzfischer, Ramona"]
[Black "Blome, Antonia"]
[Result "1-0"]
[Termination "normal"]
[Board "37"]
[WhiteElo "916"]
[BlackElo "1099"]
[PlyCount "159"]
[WhiteFideId "16268113"]
[BlackFideId "34630090"]
[EventCountry "GER"]
[EventRounds "9"]
[EventType "swiss"]
[EventDate "2023.05.27"]

1. e4 e5 2. Nf3 Nc6 3. Bc4 Bc5 4. c3 Nf6 5. d3 d6 6. h3 Be6 7. Qb3 Qc8 8. Nbd2
Bxc4 9. Qxc4 h6 10. O-O O-O 11. Nb3 Bb6 12. Re1 Na5 13. Nxa5 Bxa5 14. Bd2 Re8
15. d4 exd4 16. cxd4 Bxd2 17. Nxd2 c6 18. f3 d5 19. Qc3 Qd7 20. e5 Nh7 21. Nb3
b6 22. a4 Qb7 23. a5 Ng5 24. a6 Qc7 25. Rac1 Re6 26. Nd2 Qc8 27. f4 Nh7 28. f5
Re8 29. Rf1 Qxa6 30. Qxc6 Qd3 31. Nf3 Qxf5 32. Qxd5 Red8 33. Qb3 Qd7 34. Kh1
Rac8 35. Rce1 Qc6 36. Qa3 Ra8 37. Qe3 Rd7 38. Rd1 Rad8 39. b3 Ng5 40. Nxg5 hxg5
41. b4 Qc4 42. Qxg5 Qxb4 43. Qf4 a5 44. h4 a4 45. h5 Rxd4 46. Qxf7+ Kh8 47.
Rxd4 Qxd4 48. Rf4 Qxe5 49. Kh2 b5 50. Kh3 Rd3+ 51. g3 a3 52. h6 Rd4 53. hxg7+
Qxg7 54. Qxg7+ Kxg7 55. Rxd4 a2 56. Rd7+ Kf6 57. Ra7 Ke5 58. Rxa2 Kd5 59. g4 b4
60. Rb2 Kc5 61. g5 Kc4 62. g6 Kc3 63. Rxb4 Kxb4 64. g7 Kc5 65. g8=Q Kd4 66. Qe8
Kd5 67. Kg4 Kd4 68. Kf4 Kd5 69. Qe5+ Kc4 70. Qd6 Kc3 71. Ke3 Kc4 72. Qd4+ Kb5
73. Qc3 Kb6 74. Kd4 Kb7 75. Kd5 Kb6 76. Qc5+ Kb7 77. Kd6 Kb8 78. Kc6 Ka8 79.
Kb6 Kb8 80. Qf8# 1-0

[Event "ODJM C 2023"]
[Site "Willingen GER"]
[Date "2023.06.03"]
[Round "9"]
[White "Prigandt, Junis"]
[Black "Kraus, Joshua"]
[Result "1-0"]
[Termination "normal"]
[Board "38"]
[WhiteElo "1019"]
[BlackElo "836"]
[PlyCount "81"]
[WhiteFideId "34631712"]
[BlackFideId "34660500"]
[EventCountry "GER"]
[EventRounds "9"]
[EventType "swiss"]
[EventDate "2023.05.27"]

1. f4 d5 2. Nf3 Nf6 3. d4 e6 4. Be3 Be7 5. Bf2 O-O 6. c4 c6 7. Nc3 Nbd7 8. g3
b6 9. Bg2 Bb7 10. O-O Rc8 11. e3 c5 12. Re1 cxd4 13. exd4 Bb4 14. Qb3 Bxc3 15.
Qxc3 dxc4 16. Rad1 Re8 17. Ne5 Bxg2 18. Kxg2 Rc7 19. Qf3 Qc8 20. Rc1 Nxe5 21.
dxe5 Nd5 22. Bd4 Rd8 23. Red1 Rc6 24. Bc3 Rd7 25. f5 exf5 26. Rxd5 Rxd5 27.
Qxd5 a6 28. Rd1 h6 29. Qd8+ Qxd8 30. Rxd8+ Kh7 31. Rd7 Kg6 32. Rd6+ Rxd6 33.
exd6 Kg5 34. d7 f4 35. d8=Q+ f6 36. gxf4+ Kxf4 37. Qd4+ Kf5 38. Qxb6 g5 39.
Qxf6+ Kg4 40. Qf3+ Kh4 41. Be1# 1-0

[Event "ODJM C 2023"]
[Site "Willingen GER"]
[Date "2023.06.03"]
[Round "9"]
[White "Kutz, Henning Jasper"]
[Black "Liu, Kairui"]
[Result "0-1"]
[Termination "normal"]
[Board "40"]
[WhiteElo "830"]
[BlackElo "1024"]
[PlyCount "98"]
[WhiteFideId "34612882"]
[BlackFideId "34660534"]
[EventCountry "GER"]
[EventRounds "9"]
[EventType "swiss"]
[EventDate "2023.05.27"]

1. e4 e5 2. Nf3 Nc6 3. Bb5 a6 4. Bxc6 dxc6 5. Nc3 Bd6 6. O-O Nf6 7. d3 h6 8.
Re1 O-O 9. d4 exd4 10. Nxd4 Be5 11. Nf3 Bxc3 12. Qxd8 Rxd8 13. bxc3 Bg4 14. Nd4
c5 15. Nb3 c4 16. Na5 Nxe4 17. f3 Nxc3 18. fxg4 b5 19. Bb2 Nd5 20. Nc6 Rd6 21.
Ne7+ Nxe7 22. Rxe7 Rc8 23. Rf1 f6 24. Ba3 Rd2 25. Rc1 Rd4 26. Re6 Ra8 27. Rc6
Rxg4 28. Rxc7 a5 29. Rc5 b4 30. Bb2 c3 31. Ba1 Rd4 32. Kf2 Rd2+ 33. Kf1 Rad8
34. Ke1 Rxg2 35. Rd1 Rg1+ 36. Ke2 Rgxd1 37. Rxa5 Rxa1 38. Ra4 Rd2+ 39. Ke3 Rxc2
40. Rxb4 Rcxa2 41. Rb8+ Kh7 42. Rc8 c2 43. h3 c1=Q+ 44. Rxc1 Rxc1 45. h4 Rc4
46. h5 Ra3+ 47. Kd2 Rcc3 48. Kd1 Ra2 49. Ke1 Rc1# 0-1

[Event "ODJM C 2023"]
[Site "Willingen GER"]
[Date "2023.06.03"]
[Round "9"]
[White "Hempel, Christian"]
[Black "Nehrukumar, Rithika"]
[Result "1/2-1/2"]
[Termination "normal"]
[Board "42"]
[WhiteElo "774"]
[BlackElo "990"]
[PlyCount "45"]
[WhiteFideId "34660470"]
[BlackFideId "34660550"]
[EventCountry "GER"]
[EventRounds "9"]
[EventType "swiss"]
[EventDate "2023.05.27"]

1. d4 d5 2. Bf4 Nc6 3. e3 Nf6 4. c4 Bf5 5. Nc3 e6 6. a3 Bd6 7. Bg5 h6 8. Bxf6
Qxf6 9. Nf3 O-O 10. Bd3 Bxd3 11. Qxd3 Rfe8 12. O-O Rad8 13. Rac1 dxc4 14. Qxc4
e5 15. Rfe1 exd4 16. exd4 Re7 17. Rxe7 Nxe7 18. Re1 Re8 19. Qa4 c6 20. Qxa7 Rb8
21. b3 b5 22. Qd7 Bxa3 23. Ra1 1/2-1/2

[Event "ODJM C 2023"]
[Site "Willingen GER"]
[Date "2023.06.03"]
[Round "9"]
[White "Söhren, Louis"]
[Black "Haas, Valentina"]
[Result "1-0"]
[Termination "normal"]
[Board "43"]
[WhiteElo "964"]
[BlackElo "797"]
[PlyCount "39"]
[WhiteFideId "34631747"]
[BlackFideId "34660461"]
[EventCountry "GER"]
[EventRounds "9"]
[EventType "swiss"]
[EventDate "2023.05.27"]

1. e4 e5 2. Bc4 Nf6 3. Nc3 Nc6 4. Nf3 Nxe4 5. Nxe4 d5 6. Bb3 dxe4 7. Ng1 Bc5 8.
d3 O-O 9. Be3 Bd4 10. Bxd4 exd4 11. dxe4 Re8 12. Qf3 Be6 13. Bxe6 Rxe6 14.
O-O-O Nb4 15. c3 dxc3 16. Rxd8+ Rxd8 17. Qg4 Rg6 18. Qh4 Rd4 19. bxc3 Rc4 20.
Qd8# 1-0